00936nam a2200205 a 450000100100000000500170001000800410002702000180006804000250008608200130011110000250012424501650014926000390031430000280035350000740038150000770045571000700053295201110060299900170071300004322520201002040734.0140226s2013 dr a 000 0 spa d a9789945416473 aDO-SdBNPbspacBNPHU axxxbxxx1 aRama, Claudio93510113aLa reforma de la virtualización de la universidad :bel nacimiento de la educación digital /cClaudio Rama ; presentación José Andrés Aybar Sánchez. aSanto Domingo :bUNICARIBE,c2013. a311 p. :bil. ;c25 cm. aIncluye referencias bibliográficas y notas al pie de las páginas. aIncluye datos biográficos del autor en la solapa de la contracubierta.22aUniversidad del Caribe (UNICARIBE), República Dominicana970817 0010718PDaPDbPDcHDd2014-02-26iLF1l0oxxx xxxp43225-10r2020-06-25w2020-06-25yLFPDZNo se presta c42714d42714